000 01483cam a2200397 i 4500
001 data
005 20260322212123.0
008 data
035 _a18968541
906 _a7
_bcbc
_corignew
_d1
_eecip
_f20
_gy-gencatlg
925 0 _aacquire
_b1 shelf copy
_xpolicy default
955 _dre23 2016-03-24 (telework) to Dewey
_wxm09 2016-03-24
010 _a 2016003504
020 _a9781608684182
020 _z9781608684199
040 _aDLC
_beng
_cDLC
_erda
_dDLC
042 _apcc
050 0 0 _aLA2311
_b.T49 2016
082 0 0 _a371.10092/2
_223
245 0 0 _aThank you, teacher :
_bgrateful students tell the stories of the teachers who changed their lives /
_cedited by Holly & Bruce Holbert.
264 1 _aNovato, California :
_bNew World Library,
_c[2016]
300 _axxii, 280 pages ;
_c21 cm
336 _atext
_btxt
_2rdacontent
337 _aunmediated
_bn
_2rdamedia
338 _avolume
_bnc
_2rdacarrier
500 _aIncludes index.
650 0 _aTeachers
_vBiography.
650 0 _aEducators
_vBiography.
650 0 _aStudents
_vBiography.
650 0 _aAuthors
_vBiography.
650 0 _aCelebrities
_vBiography.
655 7 _aBiographies.
_2lcgft
_0https://id.loc.gov/authorities/genreForms/gf2014026049
700 1 _aHolbert, Holly,
_eeditor.
700 1 _aHolbert, Bruce,
_eeditor.
999 _c1895
_d1895